Güneydoğu Anadolu Bölgesi'nde ve Doğu ve Güneydoğu Anadolu'dan Batı'ya göç edenlerde kültürel yapı ve kültürel kimlik sorunu / (Kayıt no. 10218)
[ düz görünüm ]
| 000 -BAŞLIK | |
|---|---|
| Sabit Uzunluktaki Kontrol Alanı | 00890nam a22002177a 4500 |
| 003 - KONTROL NUMARASI KİMLİĞİ | |
| Kontrol Alanı | KOHA_MİRAKIL |
| 005 - EN SON İŞLEM TARİHİ ve ZAMANI | |
| Kontrol Alanı | 20260414080632.0 |
| 008 - SABİT UZUNLUKTAKİ VERİ ÖGELERİ - GENEL BİLGİ | |
| Sabit Alan | 260414b tu ||||| |||| 00| 0 tur d |
| 040 ## - KATALOGLAMA KAYNAĞI | |
| Özgün Kataloglama Kurumu | TR-AnABB |
| Kataloglama Dili | tur |
| Çeviri Kurumu | TR-AnABB |
| 041 ## - DİL KODU | |
| Metin ya da ses kaydının dil kodu | tur |
| 082 ## - DEWEY ONU SINIFLAMA SİSTEMİ | |
| Sınıflama Numarası | 306.09561 |
| Cutter numarası | GUN 1995 |
| 245 00 - ESER ADI BİLDİRİMİ | |
| Başlık | Güneydoğu Anadolu Bölgesi'nde ve Doğu ve Güneydoğu Anadolu'dan Batı'ya göç edenlerde kültürel yapı ve kültürel kimlik sorunu / |
| Sorumluluk Bildirimi | hazırlayan: Ümit Özdağ |
| 260 ## - YAYIN, DAĞITIM, VB. | |
| Yayın Yeri | Ankara : |
| Yayınevi | Türk Metal Sendikası, |
| Yayın Tarihi | 1995 |
| 300 ## - FİZİKSEL TANIMLAMA | |
| Sayfa, Cilt vb. | 461 sayfa : |
| Diğer fiziki detaylar | tablo ; |
| Boyutları | 24 cm |
| 500 ## - GENEL NOT | |
| Genel Not | Kitap içerisinde Prof. Dr. Ruşen Keleş tarafından yapılan satır altı çizimleri ve vurgulamalar mevcuttur. |
| 650 04 - KONU BAŞLIĞI EK GİRİŞ - KONU TERİMİ | |
| Konusal terim veya coğrafi ad | Sosyal yaşam ve gelenekler |
| 650 04 - KONU BAŞLIĞI EK GİRİŞ - KONU TERİMİ | |
| Konusal terim veya coğrafi ad | Etnoloji |
| 650 04 - KONU BAŞLIĞI EK GİRİŞ - KONU TERİMİ | |
| Konusal terim veya coğrafi ad | Sosyal yaşam ve gelenekler, Türkiye |
| 700 1# - EK GİRİŞ - KİŞİ ADI | |
| Yazar Adı (Kişi adı) | Özdağ, Ümit, |
| İlişkili Terim | hazırlayan |
| 9 (RLIN) | 1340 |
| 942 ## - EK GİRİŞ ÖGELERİ (KOHA) | |
| Sınıflama Kaynağı | Dewey Decimal Classification |
| Materyal Türü | Kitap |
| 900 ## - YEREL BİLGİ | |
| Kontrol | Can ÇELIK |
| Geri Çekilme Durumu | Kayıp Durumu | Sınıflandırma Kaynağı | Kredi için değil | Kalıcı Konum | Mevcut Konum | Kayıt Tarih | Toplam Ödünçverme | Yer Numarası | Demirbaş Numarası | Son Görülme Tarihi | Fatura Tarihi | Materyal Türü |
|---|---|---|---|---|---|---|---|---|---|---|---|---|
| Dewey Decimal Classification | Prof. Dr. Ruşen Keleş Kütüphanesi | Prof. Dr. Ruşen Keleş Kütüphanesi | 14/04/2026 | 306.09561 GUN 1995 | RK7059 | 14/04/2026 | 14/04/2026 | Kitap |
